Land etter bilde #5 - Statistics

General Stats
  • This quiz has been taken 159 times
  • The average score is 6 of 15
Answer Stats
Picture Answer % Correct
India
95%
Forente stater
90%
Hellas
88%
Japan
77%
Norge
69%
Thailand
42%
De forente arabiske emirater
32%
Frankrike
31%
Indonesia
14%
Tsjekkia
14%
Brasil
5%
Egypt
5%
Kasakhstan
4%
Jemen
3%
Armenia / Tyrkia
1%
No matching quizzes found
Score Distribution
Percent of People with Each Score
Percentile by Number Answered
Your Score History
You have not taken this quiz